Intervenčná analýza v časových radoch
Na minha lista:
| Autor principal: | |
|---|---|
| Formato: | Capítulo de Livro |
| Idioma: | eslovaco |
| Assuntos: | |
| Tags: |
Sem tags, seja o primeiro a adicionar uma tag!
|
MARC
| LEADER | 00000naa$a2200000$$$4500 | ||
|---|---|---|---|
| 001 | 0164183 | ||
| 005 | 20240502072848.5 | ||
| 041 | 0 | |a slo | |
| 044 | |a SK | ||
| 245 | 1 | 0 | |a Intervenčná analýza v časových radoch |c Silvia Pastoreková |
| 500 | |a Abstrakt | ||
| 610 | 2 | 0 | |a modely matematicko-štatistické |
| 610 | 2 | 0 | |a rady časové |
| 610 | 2 | 0 | |a analýza radov časových |
| 610 | 2 | 0 | |a metódy štatistické |
| 100 | 1 | |a Pastoreková, Silvia, 1985- | |